000 007160000a22002290004500
003 LK-CoMWRAF
008 230817t ||||| |||| 00| 0 eng d
040 _aLK-CoMWRAF
_dLK-CoMWRAF
_eLK-CoMWRAF
041 _aeng
082 _a743
_bMOH
100 _aMohan, R.Vasundhara
245 _aIdentity Crisis of Sri Lankan Muslims
_b
260 _bMittal Publications
_aIndia (Delhi)
_c1987
300 _ap.163
650 _aArab Settlements in Acient India
650 _aDistrictwise Distribution of Moor and Malay Population in Sri Lanka
650 _aEconomy, Education and Employment
650 _aHistorical Background
650 _aPolitical Profile
650 _aSociety, Culture and Religion
942 _cBK
999 _c1672
_d1672